| Tag |
First Indicator |
Second Indicator |
Subfields |
| LEADER |
00000cam a2200000 i 4500 |
| 001 |
in00000201821 |
| 005 |
20151009064815.0 |
| 008 |
770920s1977 nyuaf b 00110beng |
| 010 |
|
|
|a 77080799
|
| 020 |
|
|
|a 0809102242 :
|c $10.95
|
| 035 |
|
|
|a (OCoLC)03323463
|
| 035 |
|
|
|9 AAY2867AM
|
| 040 |
|
|
|a DLC
|c DLC
|d TXA
|d UtOrBLW
|
| 049 |
|
|
|a TXAM
|c [1557518]
|
| 050 |
0 |
0 |
|a BX4705.H79
|b S5
|
| 082 |
0 |
|
|a 282/.092/4
|a B
|
| 100 |
1 |
|
|a Shaw, Richard,
|d 1941 October 9-
|
| 245 |
1 |
0 |
|a Dagger John :
|b the unquiet life and times of Archbishop John Hughes of New York /
|c Richard Shaw.
|
| 264 |
|
1 |
|a New York :
|b Paulist Press,
|c [1977]
|
| 264 |
|
4 |
|c ©1977
|
| 300 |
|
|
|a vi, 403 pages, 2 unnumbered leaves of plates :
|b illustrations ;
|c 24 cm.
|
| 336 |
|
|
|a text
|b txt
|2 rdacontent
|
| 337 |
|
|
|a unmediated
|b n
|2 rdamedia
|
| 338 |
|
|
|a volume
|b nc
|2 rdacarrier
|
| 504 |
|
|
|a Includes bibliographical references and index.
|
| 600 |
1 |
0 |
|a Hughes, John,
|c Abp.,
|d 1797-1864.
|
| 610 |
2 |
0 |
|a Catholic Church
|x Bishops
|v Biography.
|
| 650 |
|
0 |
|a Bishops
|z New York (State)
|z New York
|x Biography.
|
| 999 |
|
|
|a MARS
|
| 999 |
f |
f |
|s 465e4f90-81f8-3b03-9325-54838b653626
|i b15b418b-1dad-3c7c-b870-90a4ac5d21e7
|t 0
|
| 952 |
f |
f |
|p ric
|a Texas A&M University
|b Rellis Campus
|c Joint Library Facility
|d Remote Storage
|t 0
|e BX4705.H79 S5
|h Library of Congress classification
|i unmediated -- volume
|m A14801820264
|
| 998 |
f |
f |
|a BX4705.H79 S5
|t 0
|l Remote Storage
|